La tecnología como instrumento para la organización: un caso de Costa Rica /
Zapisane w:
| 1. autor: | |
|---|---|
| Kolejni autorzy: | |
| Format: | Texto |
| Hasła przedmiotowe: | |
| Etykiety: |
Dodaj etykietę
Nie ma etykietki, Dołącz pierwszą etykiete!
|
MARC
| LEADER | 00000 a a2200000 04500 | ||
|---|---|---|---|
| 001 | 41624 | ||
| 003 | |||
| 040 | |||
| 100 | |a Carrol, Thomas F | ||
| 245 | |a La tecnología como instrumento para la organización: |b un caso de Costa Rica / |c Thomas F Carroll; Helga Baitenmann | ||
| 650 | |a ORGANIZACIONES NO GUBERNAMENTALES | ||
| 650 | |a TECNOLOGIA | ||
| 650 | |a AGRICULTURA | ||
| 650 | |a PEQUEÑOS AGRICULTORES | ||
| 650 | |a CULTIVOS | ||
| 650 | |a PRODUCTOS AGROPECUARIOS | ||
| 700 | |a Baitenmann, Helga | ||
| 773 | |g volumen11, número2 (1987), páginas 12-20 | ||
| 999 | |c 21218 |d 21218 | ||
